000 01173cam a2200277 4500
001 sa 68016559
003 DLC
005 20260227112655.0
008 700810s1963 ii a 000 0 eng
010 _asa 68016559
025 _aPL480:I-E-9613
040 _aDLC
_cDLC
_dDLC
043 _aa-ii---
050 0 0 _aSD88.B4
_bA44 1963d
082 0 0 _a634.9/28/095412
110 1 _aBihar, India (State).
_bForest Department.
_bWorking Plans Division.
_bNorthern Circle.
245 1 4 _aThe revised working plan for the reserved forests of Koderma and Rajouli ranges (Koderma and Gaya Divisions) Bihar, 1959-60 to 1968-69.
_cCompiled in the Working Plans Division, Northern Circle, by P. Mishra, under the direction of the Conservator of Forests, Development Circle and the Chief Conservator of Forests, Bihar.
260 _aPatna,
_bPrinted by the Superintendent, Secretariat Press, Bihar,
_c1963.
300 _axv, 70 p.
_billus.
_c30 cm.
350 _a8.00
500 _aCover title.
650 0 _aForests and forestry
_zIndia
_zBihar (State)
650 0 _aForest management.
700 1 _aMishra, Permanand,
_d1925-
710 1 _aBihar, India (State).
_bForest Department.
999 _c87176
_d87176